00491nam a2200169Ia 450000500170000000800410001702000150005808200130007310000130008624500130009926000360011230000140014850000430016294200060020595200950021199900150030620250310053143.0240331s9999 xx 000 0 und d a9558123021 bPERa823 aPerera,R 0aRudaliya aNugegodabDamika de silvac1999 a200 p .,  aA story collection of maha swetha devi cL 001040708LaWERCLbWERCLcSSCd2024-03-31l0o 823 PERp4461r2024-03-31w2024-03-31yL c5205d5205